Organizational behavior

Guardat en:
Dades bibliogràfiques
Autor principal: Duncan, W. Jack (Autor)
Format: Llibre
Idioma:anglès
Publicat: Boston Houghton Mifflin 1981
Edició:2a. ed
Matèries:
Etiquetes: Afegir etiqueta
Sense etiquetes, Sigues el primer a etiquetar aquest registre!

MARC

LEADER 00000nam a2200000 a 4500
001 UCS0838
003 CL-VaPUC
008 970428e19810000US |||||||||||||||||eng|d
082 0 4 |a 658.3  |b DUN  |2 21 
100 0 |a Duncan, W. Jack  |e author  |9 384661 
245 1 0 |a Organizational behavior 
250 |a 2a. ed 
300 |a 474 p 
942 |c BK 
945 |d 19970428 00:00:00  |a amoreno 
260 |a Boston  |b Houghton Mifflin  |c 1981 
650 0 |a Organización  |9 256369 
650 7 |a SISTEMAS CERRADOS  |2 CL-VaPUC  |9 384662 
650 7 |a SISTEMAS ABIERTOS  |2 CL-VaPUC  |9 384663 
650 7 |a ESTRATEGIAS  |2 CL-VaPUC  |9 342878 
650 0 |a Análisis organizacional  |9 384664 
650 7 |a TEORIA  |2 CL-VaPUC  |9 384665 
650 7 |a PRACTICA  |2 CL-VaPUC  |9 384666 
650 0 |a Relaciones humanas  |9 307340 
650 0 |a Motivación   |9 315362 
650 0 |a Aprendizaje   |9 254827 
583 |a last modification  |c 19970428 00:00:00  |k Rodrigo Vera 
999 |c 258988  |d 258986 
952 |0 0  |1 0  |4 0  |6 658_300000000000000_DUN_1981  |7 0  |8 P  |9 283443  |a BIBGIM  |b BIBGIM  |d 2019-11-19  |i 3282023  |o 658.3 DUN 1981  |p 3282023  |r 2025-01-15  |w 2019-11-19  |y BK  |k COM